Oblastné plánovanie v Bulharskej ľudovej republike

Formovanie teritoriálnej štruktúry v Bulharsku. Jej prestavba. Využívanie ekonomických nástrojov územného plánovania v Bulharsku.

Gespeichert in:
Bibliographische Detailangaben
1. Verfasser: Tvrdoň, Jozef
Format: Buchkapitel
Sprache:Slowakisch
Schlagworte:
Tags: Tag hinzufügen
Keine Tags, Fügen Sie das erste Tag hinzu!

MARC

LEADER 00000naa a2200000 4500
001 0145094
005 20240502072615.6
041 0 |a slo 
044 |a SK 
245 1 0 |a Oblastné plánovanie v Bulharskej ľudovej republike  |c Jozef Tvrdoň 
520 |a Formovanie teritoriálnej štruktúry v Bulharsku. Jej prestavba. Využívanie ekonomických nástrojov územného plánovania v Bulharsku. 
610 2 0 |a plánovanie 
610 2 0 |a Bulharsko 
610 2 0 |a hospodárstvo socialistické 
100 1 |a Tvrdoň, Jozef